Ponencias

সংরক্ষণ করুন:
গ্রন্থ-পঞ্জীর বিবরন
বিন্যাস: পাঠ‍্য
ট্যাগগুলো: ট্যাগ যুক্ত করুন
কোনো ট্যাগ নেই, প্রথমজন হিসাবে ট্যাগ করুন!

MARC

LEADER 00000 a a2200000 04500
001 28727
003
040 |a CRAI/IIS  |c CRAI/IIS 
090 |a 189701  
245 |a Ponencias  
300 |a 157 p  
999 |c 3803  |d 3803